01434nam a2200301 a 450000100060000000300080000600500170001400800410003103500200007204000350009204100080012708200220013524500550015726000540021230000260026650000310029250000350032350400510035850504010040965000230081065000310083365000280086470000520089270000250094494200120096999900170098195201340099872053BD-RJUL20211209082215.0170513s1965 E a b 001 0 eng d a(BD-RjUL) 72269 aBD-RjULbengcBD-RjULdBD-RjUL aeng 223a538bMAG 196500aMagnetism /cedited by George T. Rado, Harry Suhl. aNew York, NY ;aLondon :bAcademic Press,cc1965. aV. :bill. ;c24 cm. aVol. 4 by Conyers Herring. aVol. 5 edited by H. Suhl only. aIncludes bibliographical references and index.0 aContents: v. 1. Magnetic ions in insulators, their interactions, resonances, and optical properties.--v. 2A. Statistical models, magnetic symmetry, hyperfine interactions, and metals.--v. 2B. Interactions and metals.--v. 3. Spin arrangements and crystal structure, domains, and micromagnetics.--v. 4. Exchange interactions among itinerant electrons.--v. 5. Magnetic properties of magnetic alloys. 0aMagnetism.9213108 0aNuclear magnetism.9212804 0aQuantum theory.92131091 aRado, George T.q(George Tibor),d1917-92131101 aSuhl, Harry.9213111 2ddccBK c72053d72053 00102ddc40718NFICaRUCLbRUCLcReadingd1973-12-27eU.S.govt.l0o538 MAG V-2 1965r2017-05-13 00:00:00tC-1w2017-05-13yBK